000 00903nam a22002057a 4500
999 _c33131
_d33131
003 OSt
005 20220622171130.0
008 140214b2022 slv spa
040 _cBMC
082 _a428
100 1 _946385
_aLeiva Segura, Stephanie Alejandra
245 1 0 _aEstrategias para una traducción especializada del idioma inglés
_b: Investigación, informe final
_cStephanie Alejandra Leiva Segura
260 _aSanta Ana (El Salvador)
_bUniversidad Católica de El Salvador
_c2021
300 _a47+[2] h.
_bil. col
_c27 cm
_e+ 1 disco compacto
500 _aPrecede al tít.: Universidad Católica de El Salvador, Facultad de Ciencias y Humanidades
502 _aPara optar al grado académico de: Licenciatura en Idioma Inglés
650 2 4 _918240
_aLengua inglesa
_xMétodos
710 2 _91075
_aUniversidad Católica de El Salvador
_bFacultad de Ciencias y Humanidades
942 _2ddc
_cTG